[Event "Feffernitz Raika op 22nd"]
[Site "Feffernitz"]
[Date "2013.08.24"]
[Round "8"]
[White "Gebhardt, Christian"]
[Black "Baierlein, Martin"]
[Result "1/2-1/2"]
[WhiteElo "1798"]
[BlackElo "2032"]
[PlyCount "120"]
[EventDate "2013.08.18"]
[EventType "swiss"]
[EventRounds "9"]
[EventCountry "AUT"]
[SourceTitle "CBM 156 Extra"]
[Source "ChessBase"]
[SourceDate "2013.10.22"]
[SourceVersion "1"]
[SourceVersionDate "2013.10.22"]
[SourceQuality "1"]

1. Nf3 Nf6 2. d4 g6 3. c4 d5 4. cxd5 Nxd5 5. e4 Nb6 6. Nc3 Bg7 7. Be3 0-0 8. Qd2 Nc6 9. Be2 Bg4 10. Rd1 Re8 11. b3 Bxf3 12. Bxf3 e5 13. Ne2 exd4 14. Nxd4 Nxd4 15. Bxd4 Qxd4 16. Qxd4 Bxd4 17. Rxd4 c5 18. Rd3 c4 19. bxc4 Nxc4 20. Rd7 b5 21. 0-0 Ne5 22. Rd5 Nxf3+ 23. gxf3 Reb8 24. Rc1 Rb7 25. a3 a5 26. Rb1 b4 27. axb4 axb4 28. Rb3 Ra3 29. Rxa3 bxa3 30. Ra5 Rb1+ 31. Kg2 Ra1 32. Kh3 Kf8 33. f4 Ke7 34. f5 a2 35. fxg6 hxg6 36. Kh4 Kd6 37. Kh3 Kc6 38. Kh4 Kb6 39. Ra8 Kc5 40. e5 Kd5 41. f4 Ke4 42. Ra7 Rf1 43. Rxa2 Rxf4+ 44. Kg3 Rf5 45. e6 fxe6 46. Re2+ Kd5 47. Rd2+ Kc5 48. Kg4 e5 49. h4 e4 50. h5 Rxh5 51. Kf4 Rh4+ 52. Ke3 Rg4 53. Rd8 Kc4 54. Rd7 Kc5 55. Rd8 g5 56. Rd7 Kc6 57. Rd8 Kc5 58. Rd7 Rf4 59. Rd8 Rh4 60. Rd7 Rf4 1/2-1/2

[Event "Feffernitz Raika op 22nd"]
[Site "Feffernitz"]
[Date "2013.08.20"]
[Round "4"]
[White "Baierlein, Martin"]
[Black "Kahl, Christoph"]
[Result "1-0"]
[WhiteElo "2032"]
[BlackElo "1741"]
[PlyCount "47"]
[EventDate "2013.08.18"]
[EventType "swiss"]
[EventRounds "9"]
[EventCountry "AUT"]
[SourceTitle "CBM 156 Extra"]
[Source "ChessBase"]
[SourceDate "2013.10.22"]
[SourceVersion "1"]
[SourceVersionDate "2013.10.22"]
[SourceQuality "1"]

1. d4 Nf6 2. Nf3 d5 3. g3 e6 4. Bg2 Be7 5. 0-0 0-0 6. c4 c6 7. Nc3 Nbd7 8. a4 dxc4 9. e4 h6 10. Qe2 b6 11. Qxc4 Bb7 12. Rd1 Rb8 13. Bf4 Rc8 14. Rac1 Qe8 15. Qb3 c5 16. d5 c4 17. Qa2 exd5 18. exd5 Nh7 19. Nb5 Ndf6 20. d6 Bd8 21. d7 Nxd7 22. Re1 Be7 23. Nd6 Qd8 24. Nxb7 1-0

[Event "Malta op"]
[Site "Bugibba"]
[Date "2012.11.18"]
[Round "1"]
[White "Mirzoev, Azer"]
[Black "Baierlein, Martin"]
[Result "1-0"]
[WhiteElo "2555"]
[BlackElo "2053"]
[PlyCount "65"]
[EventDate "2012.11.18"]
[EventType "swiss"]
[EventRounds "9"]
[EventCountry "MLT"]
[SourceTitle "CBM 151 Extra"]
[Source "ChessBase"]
[SourceDate "2012.12.18"]
[SourceVersion "1"]
[SourceVersionDate "2012.12.18"]
[SourceQuality "1"]

1. d4 Nf6 2. Nf3 d5 3. c4 e6 4. Nc3 c6 5. Qb3 a6 6. Bg5 Be7 7. e3 b5 8. c5 a5 9. Qc2 Nbd7 10. h3 Nh5 11. h4 h6 12. Bf4 Nxf4 13. exf4 Ba6 14. 0-0-0 a4 15. a3 b4 16. axb4 Bxf1 17. Rhxf1 Qb8 18. g3 Qxb4 19. Na2 Qa5 20. Rfe1 0-0 21. Re3 Rfb8 22. Ra3 Rb5 23. Rdd3 Nxc5 24. dxc5 Bxc5 25. Rac3 Rab8 26. Ne5 R8b7 27. Rd2 a3 28. b3 d4 29. Rcd3 Bb4 30. Re2 Bc3 31. Nc4 Qa6 32. Nxc3 dxc3 33. Rd8# 1-0

[Event "Schwarzach op-B 26th"]
[Site "Schwarzach"]
[Date "2011.08.25"]
[Round "6.5"]
[White "Baierlein, Martin"]
[Black "Ciolek, Florian"]
[Result "1/2-1/2"]
[WhiteElo "2063"]
[BlackElo "1942"]
[PlyCount "105"]
[EventDate "2011.08.20"]
[EventType "swiss"]
[EventRounds "9"]
[EventCountry "AUT"]
[SourceTitle "EXT 2024"]
[Source "ChessBase"]
[SourceDate "2023.10.10"]
[SourceVersion "1"]
[SourceVersionDate "2023.10.10"]
[SourceQuality "1"]

1. c4 e5 2. e4 Bc5 3. Nc3 Nc6 4. d3 d6 5. h3 Nf6 6. g3 0-0 7. Bg2 Nd7 8. Nge2 f5 9. 0-0 Nf6 10. Kh2 Qe8 11. Nd5 Nxd5 12. cxd5 Nd4 13. f4 Qh5 14. Nc3 Qxd1 15. Nxd1 Bd7 16. Nc3 Rae8 17. Rb1 Nb5 18. Bd2 Re7 19. Ne2 Nd4 20. Nxd4 Bxd4 21. fxe5 Bxe5 22. Bc3 fxe4 23. Rxf8+ Kxf8 24. Bxe5 dxe5 25. Bxe4 g6 26. Rc1 Bb5 27. b3 Rf7 28. Kg2 Ke8 29. Rc5 Ba6 30. b4 b6 31. Rc6 Bb5 32. Rc3 Kd7 33. Ra3 a6 34. Rc3 Kd6 35. Rc1 Bd7 36. g4 g5 37. Kg3 Rf4 38. a3 h6 39. Kg2 Rf6 40. Rc2 Rf4 41. Rc1 Rf7 42. Bf3 Bb5 43. Rc3 Rf4 44. Kf2 Rf6 45. Ke3 Rf4 46. Rc1 Ba4 47. Be4 Rf8 48. Bf5 Rf7 49. Be4 Bd7 50. Rc3 Rf4 51. Rc1 Rf7 52. Ke2 Rf4 53. Ke3 1/2-1/2

[Event "Schwarzach op-B 26th"]
[Site "Schwarzach"]
[Date "2011.08.22"]
[Round "3.3"]
[White "Hamzic, Vahidin"]
[Black "Baierlein, Martin"]
[Result "1-0"]
[WhiteElo "1876"]
[BlackElo "2063"]
[PlyCount "117"]
[EventDate "2011.08.20"]
[EventType "swiss"]
[EventRounds "9"]
[EventCountry "AUT"]
[SourceTitle "EXT 2024"]
[Source "ChessBase"]
[SourceDate "2023.10.10"]
[SourceVersion "1"]
[SourceVersionDate "2023.10.10"]
[SourceQuality "1"]

1. Nf3 Nf6 2. g3 g6 3. b3 Bg7 4. Bb2 d5 5. Bg2 c5 6. d4 Ne4 7. 0-0 Nc6 8. c3 0-0 9. Nfd2 Nxd2 10. Qxd2 cxd4 11. cxd4 e6 12. e3 Bd7 13. Nc3 Qa5 14. a3 b5 15. b4 Qb6 16. Ne2 a5 17. Nf4 axb4 18. axb4 Ra4 19. Rxa4 bxa4 20. Ba3 Rb8 21. Rb1 Na5 22. Nd3 Nc4 23. Qa2 Be8 24. Bf1 Bf8 25. Nc5 Nxa3 26. Qxa3 e5 27. b5 exd4 28. exd4 Qf6 29. Qxa4 Bg7 30. Qa7 Qd6 31. Na6 Rb6 32. Nc7 Bc6 33. Qa2 Bb7 34. Rd1 Qd8 35. Na6 Bc8 36. h3 Bd7 37. Qa5 Qf6 38. Nc5 Bc8 39. Qa8 Qd8 40. Nd3 Re6 41. b6 Re8 42. b7 Bd7 43. Nc5 Bc6 44. Qxd8 Rxd8 45. Rb1 Rb8 46. Bb5 Bxd4 47. Bxc6 Bxc5 48. Rc1 Bd6 49. Bxd5 Kf8 50. Rc8+ Ke7 51. f4 f6 52. Kf2 Kd7 53. Kf3 h6 54. g4 Ke7 55. Ke4 Kd7 56. f5 g5 57. Be6+ Ke7 58. Kd4 Bf4 59. Kc5 1-0

[Event "Schwarzach op-B 26th"]
[Site "Schwarzach"]
[Date "2011.08.20"]
[Round "1.1"]
[White "Mairon, Oliver"]
[Black "Baierlein, Martin"]
[Result "0-1"]
[WhiteElo "1945"]
[BlackElo "2063"]
[PlyCount "47"]
[EventDate "2011.08.20"]
[EventType "swiss"]
[EventRounds "9"]
[EventCountry "AUT"]
[SourceTitle "EXT 2024"]
[Source "ChessBase"]
[SourceDate "2023.10.10"]
[SourceVersion "1"]
[SourceVersionDate "2023.10.10"]
[SourceQuality "1"]

1. f4 d5 2. Nf3 Nf6 3. e3 g6 4. d4 Bg7 5. Bd3 c5 6. c3 0-0 7. Nbd2 Qc7 8. 0-0 b6 9. Ne5 Ba6 10. Ndf3 Bxd3 11. Qxd3 c4 12. Qc2 Ne4 13. Nd2 Nd6 14. e4 e6 15. Ng4 Nd7 16. Ne3 dxe4 17. Nxe4 Nxe4 18. Qxe4 Nf6 19. Qf3 Rac8 20. Bd2 Qc6 21. Qe2 b5 22. Rad1 Rfd8 23. Be1 Qe4 24. Bh4 0-1

[Event "Augsburg Afro op"]
[Site "Augsburg"]
[Date "2003.08.07"]
[Round "2"]
[White "Baierlein, Martin"]
[Black "Jussupow, Alexander"]
[Result "1-0"]
[WhiteElo "1848"]
[BlackElo "1556"]
[PlyCount "79"]
[EventDate "2003.08.06"]
[EventType "swiss"]
[EventRounds "7"]
[EventCountry "GER"]
[SourceTitle "EXT 2006"]
[Source "ChessBase"]
[SourceDate "2005.11.24"]
[SourceVersion "1"]
[SourceVersionDate "2005.11.24"]
[SourceQuality "1"]

1. d4 d5 2. e4 dxe4 3. Nc3 c5 4. d5 Nf6 5. f3 Bf5 6. Bg5 exf3 7. Nxf3 e6 8. Bb5+ Nbd7 9. dxe6 Bxe6 10. Ne5 Be7 11. 0-0 a6 12. Bxd7+ Nxd7 13. Bxe7 Qxe7 14. Nd3 0-0 15. Qf3 b6 16. Rae1 Qf6 17. Qg3 Qd4+ 18. Kh1 Nf6 19. Rf4 Nh5 20. Qf3 Nxf4 21. Nxf4 Qf6 22. b3 g5 23. Nh5 Qxf3 24. gxf3 Kh8 25. Nf6 b5 26. Nce4 Bd5 27. Nxd5 Rae8 28. Rg1 h6 29. Nef6 Re6 30. h4 gxh4 31. Rg4 h3 32. Kh2 h5 33. Rg5 c4 34. b4 Rd8 35. Kxh3 c3 36. Kh4 a5 37. Kxh5 axb4 38. Kh6 b3 39. Rg7 Rxd5 40. Rh7# 1-0